[Event "European Blitz 2015"]
[Site "Minsk BLR"]
[Date "2015.12.18"]
[Round "15.17"]
[White "Ladva, Ottomar"]
[Black "Popov, Valerij"]
[Result "1/2-1/2"]
[WhiteTitle "IM"]
[BlackTitle "GM"]
[WhiteElo "2401"]
[BlackElo "2528"]
[WhiteFideId "4500024"]
[BlackFideId "4119410"]
[EventDate "2015.12.18"]
[EventType "swiss (blitz)"]

1. Nf3 d5 2. g3 c5 3. Bg2 Nc6 4. d4 e6 5. O-O Qb6 6. c4 cxd4 7. cxd5 exd5 8.
Nbd2 Nge7 9. Nb3 Nf5 10. Bf4 Be7 11. Be5 Nxe5 12. Nxe5 Be6 13. g4 Nh4 14. Qxd4
Nxg2 15. Kxg2 f6 16. Nf3 Qxd4 17. Nbxd4 Bxg4 18. Rac1 Kd7 19. Rcd1 Rhd8 20. h3
Bxf3+ 21. Kxf3 g6 22. h4 Rac8 23. h5 Bc5 24. hxg6 hxg6 25. Rg1 g5 26. Rh1 Bxd4
27. Rxd4 Ke6 28. Rh7 Rb8 29. e4 dxe4+ 30. Rxe4+ Kf5 31. Ree7 Rd2 32. Rxb7 Re8
33. Rhe7 g4+ 34. Kg3 Rxb2 35. Rxa7 Rxe7 36. Rxe7 Rxa2 37. Rb7 Ra3+ 38. Kg2 Ra4
39. Rb5+ Kf4 40. Rb6 f5 41. Rb3 Rd4 42. Ra3 Ke4 43. Rb3 f4 44. Rb8 Rd1 45. Re8+
Kf5 46. Rf8+ Ke4 47. Re8+ Kd3 48. Rd8+ Kc2 49. Rg8 f3+ 50. Kg3 Rg1+ 51. Kf4 Rg2 1/2-1/2

[Event "European Blitz 2015"]
[Site "Minsk BLR"]
[Date "2015.12.18"]
[Round "15.18"]
[White "Polivanov, Anatoliy"]
[Black "Kovalev, Vladislav"]
[Result "1-0"]
[WhiteTitle "IM"]
[BlackTitle "GM"]
[WhiteElo "2426"]
[BlackElo "2546"]
[WhiteFideId "14109468"]
[BlackFideId "13504398"]
[EventDate "2015.12.18"]
[EventType "swiss (blitz)"]

1. e4 e5 2. Nf3 Nc6 3. Bc4 Bc5 4. c3 Nf6 5. d3 d6 6. Bb3 a6 7. Qe2 Ba7 8. h3 O-O
9. Bg5 h6 10. Bh4 Be6 11. Bc2 b5 12. Nbd2 b4 13. Nh2 g5 14. Bg3 Ne7 15. h4 Ng6
16. hxg5 hxg5 17. Nhf3 bxc3 18. bxc3 Ng4 19. Rh5 f6 20. Bb3 Bxb3 21. axb3 Qd7
22. Nxg5 Bxf2+ 23. Bxf2 Nf4 24. Rh7 Qc8 25. Rxc7 Nxe2 26. Rxc8 Rfxc8 27. Kxe2
fxg5 28. Nc4 Nxf2 29. Kxf2 Rc6 30. b4 Rf8+ 31. Ke3 Kg7 32. Ra5 Kf6 33. Ke2 Ke6
34. Ne3 Rxc3 35. Rxa6 Rb3 36. Nf5 Rd8 37. Rb6 Rb2+ 38. Kf3 g4+ 39. Kxg4 Rxg2+
40. Kf3 Rb2 41. b5 Rb3 42. Ke3 Kd7 43. Rxd6+ Kc7 44. Rc6+ Kb8 45. Nd6 Rd7 46. b6
Rd8 47. Kd2 Rh8 48. Kc2 Rb4 49. Kc3 Rb1 50. Kc4 Rc1+ 51. Kd5 Rxc6 52. Kxc6 Rh3
53. Nc4 Rxd3 54. Nxe5 Rb3 55. Nd7+ Kc8 56. Nc5 Rc3 57. b7+ Kb8 58. e5 Ka7 59. e6
Rc1 60. e7 Re1 61. Kd7 Rd1+ 62. Kc7 Rd8 63. Kxd8 1-0

[Event "European Blitz 2015"]
[Site "Minsk BLR"]
[Date "2015.12.18"]
[Round "15.19"]
[White "Navara, David"]
[Black "Sychev, Klementy"]
[Result "0-1"]
[WhiteTitle "GM"]
[BlackTitle "IM"]
[WhiteElo "2730"]
[BlackElo "2415"]
[WhiteFideId "309095"]
[BlackFideId "4114060"]
[EventDate "2015.12.18"]
[EventType "swiss (blitz)"]

1. d4 Nf6 2. c4 g6 3. Nc3 d5 4. e3 Bg7 5. cxd5 Nxd5 6. Nxd5 Qxd5 7. Ne2 O-O 8.
Nc3 Qd8 9. Be2 c5 10. d5 e6 11. e4 exd5 12. exd5 b6 13. O-O Bb7 14. d6 Nc6 15.
Bf3 Rb8 16. Bf4 Nd4 17. Bxb7 Rxb7 18. Re1 Rd7 19. Qa4 g5 20. Bxg5 Nf3+ 21. gxf3
Qxg5+ 22. Kh1 Rxd6 23. Ne4 Qf4 24. Rg1 Qxf3+ 25. Rg2 Rd4 26. Qc6 Rxe4 27. Rg1
Kh8 28. Qd6 Rg4 0-1

[Event "European Blitz 2015"]
[Site "Minsk BLR"]
[Date "2015.12.18"]
[Round "15.20"]
[White "Kovalenko, Igor"]
[Black "Balashov, Yuri S"]
[Result "1/2-1/2"]
[WhiteTitle "GM"]
[BlackTitle "GM"]
[WhiteElo "2680"]
[BlackElo "2408"]
[WhiteFideId "14117908"]
[BlackFideId "4100263"]
[EventDate "2015.12.18"]
[EventType "swiss (blitz)"]

1. c4 e5 2. g3 Nc6 3. Bg2 g6 4. Nc3 Bg7 5. Nf3 d6 6. Rb1 Nge7 7. b4 a6 8. a4 O-O
9. O-O h6 10. d3 a5 11. b5 Nb4 12. Ba3 c5 13. bxc6 bxc6 14. Bxb4 axb4 15. Rxb4
d5 16. cxd5 cxd5 17. e4 Be6 18. Qa1 dxe4 19. dxe4 Nc6 20. Rb2 Nd4 21. Qa3 Qa5
22. Ra1 Rfc8 23. Nxd4 exd4 24. Nd5 Bxd5 25. exd5 d3 26. d6 Ra7 27. Rd1 Bxb2 28.
Qxb2 Qc3 29. Qb1 d2 30. Bd5 Rd8 31. Qxg6+ Qg7 32. Qd3 Rad7 33. Bf3 Rxd6 34. Qe3
Re6 35. Qb3 Qd4 36. Kg2 Qd3 37. Qb4 Rf6 38. Qg4+ Kf8 39. a5 Rd4 40. Qh5 Kg7 41.
Be2 Qe4+ 42. Bf3 Qf5 43. Qxf5 Rxf5 44. a6 Ra5 45. Bb7 Kf6 46. Kf3 Ke5 47. Ke2
Ra2 48. Ke3 Rd6 49. h4 f5 50. Kf3 Rb6 51. Ke2 Rbb2 52. Ke3 Ra3+ 53. Ke2 Raa2 54.
Ke3 Ra3+ 55. Ke2 Raa2 1/2-1/2

[Event "European Blitz 2015"]
[Site "Minsk BLR"]
[Date "2015.12.18"]
[Round "15.21"]
[White "Kalinin, Michail Borisovich"]
[Black "Jobava, Baadur"]
[Result "1/2-1/2"]
[BlackTitle "GM"]
[WhiteElo "2380"]
[BlackElo "2673"]
[WhiteFideId "4144104"]
[BlackFideId "13601520"]
[EventDate "2015.12.18"]
[EventType "swiss (blitz)"]

1. d4 Nf6 2. Nf3 g6 3. b3 Bg7 4. Bb2 O-O 5. e3 b6 6. Bd3 Bb7 7. Nbd2 c5 8. O-O
Nc6 9. a3 d6 10. c4 cxd4 11. Nxd4 Nxd4 12. Bxd4 Qb8 13. h3 Rc8 14. Qb1 a6 15.
Rd1 b5 16. Qb2 Bc6 17. Rac1 Qb7 18. Bf1 Rab8 19. c5 e5 20. Bc3 Nd5 21. cxd6 Nxc3
22. Qxc3 Qd7 23. Qd3 f5 24. b4 e4 25. Qb3+ Kf8 26. Qb1 Bd5 27. Rxc8+ Rxc8 28.
Nb3 Qxd6 29. Nc5 Rxc5 30. bxc5 Qxc5 31. Qb4 Qxb4 32. axb4 Bb3 33. Rd6 Ba4 34.
Rxa6 Bc3 35. Rb6 Bxb4 36. Bxb5 Bxb5 37. Rxb5 Bd6 38. Rb7 Be7 39. g4 Kf7 40. Kg2
Kf6 41. gxf5 gxf5 42. Kg3 Bd6+ 43. Kh4 h6 1/2-1/2

[Event "European Blitz 2015"]
[Site "Minsk BLR"]
[Date "2015.12.18"]
[Round "15.23"]
[White "Rakhmanov, Aleksandr"]
[Black "Bordovsky, Vladimir"]
[Result "1-0"]
[WhiteTitle "GM"]
[WhiteElo "2640"]
[BlackElo "2380"]
[WhiteFideId "4173708"]
[BlackFideId "14118467"]
[EventDate "2015.12.18"]
[EventType "swiss (blitz)"]

1. c4 d6 2. Nc3 g6 3. g3 Bg7 4. Bg2 e5 5. e3 Nc6 6. Nge2 Nge7 7. d3 O-O 8. Bd2
Bf5 9. e4 Bd7 10. O-O f5 11. Be3 Nd4 12. exf5 Ndxf5 13. Bd2 Bc6 14. Nd5 Nxd5 15.
cxd5 Bd7 16. Rc1 Rc8 17. Qb3 b6 18. Qd1 a5 19. Nc3 Nd4 20. Be3 Nf5 21. Bd2 Nd4
22. Ne4 h6 23. Be3 Nf5 24. Qd2 g5 25. Qe2 Kh8 26. Nd2 Qf6 27. Qh5 Be8 28. Qg4
Bf7 29. Ne4 Qg6 30. Nc3 h5 31. Qe2 Nxe3 32. Qxe3 g4 33. Be4 Qh6 34. Nb5 Be8 35.
Nxc7 Qxe3 36. fxe3 Rxf1+ 37. Kxf1 Bf6 38. Rc3 Bd8 39. Nxe8 1-0

[Event "European Blitz 2015"]
[Site "Minsk BLR"]
[Date "2015.12.18"]
[Round "15.24"]
[White "Kulaots, Kaido"]
[Black "Pustovoitova, Daria"]
[Result "1-0"]
[WhiteTitle "GM"]
[BlackTitle "FM"]
[WhiteElo "2574"]
[BlackElo "2356"]
[WhiteFideId "4500261"]
[BlackFideId "4182146"]
[EventDate "2015.12.18"]
[EventType "swiss (blitz)"]

1. e4 c5 2. Nf3 d6 3. Bb5+ Nd7 4. d4 cxd4 5. Qxd4 a6 6. Bxd7+ Bxd7 7. c4 b5 8.
Nc3 e5 9. Qd3 bxc4 10. Qxc4 h6 11. Nd5 Rc8 12. Qxa6 f5 13. Nxe5 fxe4 14. Nxd7
Qxd7 15. Nb6 1-0

[Event "European Blitz 2015"]
[Site "Minsk BLR"]
[Date "2015.12.18"]
[Round "15.25"]
[White "Goganov, Aleksey"]
[Black "Efanov, Nikolai"]
[Result "1/2-1/2"]
[WhiteTitle "GM"]
[BlackTitle "IM"]
[WhiteElo "2597"]
[BlackElo "2399"]
[WhiteFideId "24109959"]
[BlackFideId "4187997"]
[EventDate "2015.12.18"]
[EventType "swiss (blitz)"]

1. d4 d6 2. Nf3 g6 3. c4 Bg7 4. Nc3 Nd7 5. g3 e5 6. Bg2 Ne7 7. O-O O-O 8. e4
exd4 9. Nxd4 Nc6 10. Be3 Nde5 11. Nxc6 bxc6 12. Qe2 Be6 13. b3 Nxc4 14. bxc4
Bxc3 15. Rac1 Bg7 16. c5 d5 17. Rfd1 Rb8 18. exd5 Bxd5 19. Qa6 Qc8 20. Qxc8
Rfxc8 21. Bxd5 cxd5 22. Rxd5 Rd8 23. Rcd1 Rxd5 24. Rxd5 c6 25. Rd7 a5 26. Ra7
Rb1+ 27. Kg2 Bc3 28. Bh6 f5 29. Be3 Ra1 30. Ra6 Rxa2 31. Rxc6 Rc2 32. Rc8+ Kf7
33. c6 Be5 34. Bb6 a4 35. c7 a3 36. Ra8 Bxc7 37. Ra7 a2 38. Bxc7 a1=Q 39. Rxa1
Rxc7 40. Ra2 1/2-1/2

[Event "European Blitz 2015"]
[Site "Minsk BLR"]
[Date "2015.12.18"]
[Round "15.26"]
[White "Landa, Konstantin"]
[Black "Djuric, Stefan"]
[Result "0-1"]
[WhiteTitle "GM"]
[BlackTitle "GM"]
[WhiteElo "2625"]
[BlackElo "2393"]
[WhiteFideId "4101685"]
[BlackFideId "900133"]
[EventDate "2015.12.18"]
[EventType "swiss (blitz)"]

1. d4 Nf6 2. Nf3 g6 3. g3 Bg7 4. Bg2 c5 5. c4 Qa5+ 6. Nbd2 cxd4 7. Nxd4 Nc6 8.
Nb3 Qc7 9. O-O d6 10. Nf3 Be6 11. c5 Bxb3 12. Qxb3 dxc5 13. Be3 Nd7 14. Rac1 O-O
15. Bxc5 Nxc5 16. Rxc5 Rad8 17. Rfc1 Qd7 18. e3 e6 19. Ng5 h6 20. Ne4 Qe7 21. h4
f5 22. Rxc6 bxc6 23. Nc5 Rd2 0-1

[Event "European Blitz 2015"]
[Site "Minsk BLR"]
[Date "2015.12.18"]
[Round "15.27"]
[White "Fargere, Francois"]
[Black "Aleksandrov, Aleksej"]
[Result "0-1"]
[WhiteTitle "GM"]
[BlackTitle "GM"]
[WhiteElo "2424"]
[BlackElo "2615"]
[WhiteFideId "615935"]
[BlackFideId "13500139"]
[EventDate "2015.12.18"]
[EventType "swiss (blitz)"]

1. Nf3 Nf6 2. g3 b5 3. Bg2 Bb7 4. O-O e6 5. d4 c5 6. a4 b4 7. c3 Na6 8. Bg5 Be7
9. dxc5 Bxc5 10. cxb4 Nxb4 11. Nc3 Be7 12. Ne5 Bxg2 13. Kxg2 d6 14. Nd3 a5 15.
e4 O-O 16. Re1 Qb6 17. Be3 Qb7 18. f3 Nxd3 19. Qxd3 Qxb2+ 20. Bf2 Qb7 21. Rab1
Qa6 22. Nb5 d5 23. e5 Nd7 24. Rec1 Rac8 25. Bd4 Bc5 26. Qe3 Bxd4 27. Qxd4 Nb6
28. Nc7 Qe2+ 29. Qf2 Qxf2+ 30. Kxf2 Nc4 31. Nb5 Nxe5 32. Ke3 Rfd8 33. f4 Nc4+
34. Kd4 f6 35. Rc3 Kf7 36. Rbc1 Ke7 37. Na7 Rc7 38. Nb5 Rb7 39. Re1 Kf7 40. Rc2
Rdd7 41. Rce2 Rb6 42. h4 h5 43. Ra2 Rc6 44. Rae2 e5+ 45. fxe5 Nxe5 46. Rf2 Rc4+
47. Ke3 Re4+ 48. Kd2 Rxe1 0-1

[Event "European Blitz 2015"]
[Site "Minsk BLR"]
[Date "2015.12.18"]
[Round "15.28"]
[White "Mikhalevski, Victor"]
[Black "Konenkin, Dmitry"]
[Result "1-0"]
[WhiteTitle "GM"]
[BlackTitle "FM"]
[WhiteElo "2535"]
[BlackElo "2243"]
[WhiteFideId "2801914"]
[BlackFideId "4185781"]
[EventDate "2015.12.18"]
[EventType "swiss (blitz)"]

1. Nf3 d6 2. d4 Nd7 3. c4 e5 4. Nc3 Ngf6 5. e4 Be7 6. Be2 O-O 7. O-O c6 8. Rb1
a6 9. b4 b5 10. dxe5 Nxe5 11. Nxe5 dxe5 12. c5 a5 13. a3 axb4 14. axb4 Qd4 15.
Qc2 Qd8 16. f4 Qc7 17. f5 Rd8 18. Be3 Bb7 19. g4 h6 20. Kh1 Nh7 21. Bf3 Bg5 22.
Bxg5 Nxg5 23. Bg2 f6 24. Rbd1 Rd4 25. Rxd4 exd4 26. Ne2 Rd8 27. Nf4 Qe5 28. Nd3
Qe7 1-0

[Event "European Blitz 2015"]
[Site "Minsk BLR"]
[Date "2015.12.18"]
[Round "15.29"]
[White "Zakhartsov, Vladimir"]
[Black "Shevchenko, Kirill"]
[Result "1-0"]
[WhiteTitle "IM"]
[BlackTitle "FM"]
[WhiteElo "2462"]
[BlackElo "2373"]
[WhiteFideId "4145097"]
[BlackFideId "14129574"]
[EventDate "2015.12.18"]
[EventType "swiss (blitz)"]

1. e4 c5 2. Nf3 d6 3. d4 cxd4 4. Nxd4 Nf6 5. Nc3 a6 6. f3 e5 7. Nb3 Be6 8. Be3
h5 9. Nd5 Bxd5 10. exd5 g6 11. Qd2 Nbd7 12. c4 Bg7 13. Be2 e4 14. f4 Ng4 15. Bd4
Bxd4 16. Qxd4 O-O 17. O-O-O Qf6 18. Bxg4 Qxf4+ 19. Nd2 Qxg4 20. Nxe4 Qf4+ 21.
Kb1 Rfe8 22. Nc3 Qxd4 23. Rxd4 f5 24. b4 Re3 25. Kb2 Ne5 26. Rhd1 Rc8 27. c5
dxc5 28. bxc5 Rxc5 29. Na4 Re2+ 30. Kb1 Rc8 31. d6 b5 32. Nb6 Rcc2 33. Rb4 Nc6
34. d7 Rcd2 35. Rxd2 Rxd2 36. Rb2 Rxb2+ 37. Kxb2 Kf7 38. Nd5 Ke6 39. Nf4+ Kxd7
40. Nxg6 Kd6 41. h4 Ne5 42. Nf4 Ng4 43. Nxh5 Ke5 44. Kc3 Ne3 45. g3 a5 46. Nf4
Nf1 47. Ne2 Ne3 48. Kd3 Nd5 49. Kd2 Nb4 50. Nc3 a4 51. a3 Nc6 52. Nxb5 Ke4 53.
Ke2 f4 54. g4 f3+ 55. Kf2 Kf4 56. g5 Ne5 57. Nc3 Ng4+ 58. Kf1 Ne3+ 59. Ke1 Nc2+
60. Kf2 Ne3 61. g6 Ng4+ 62. Kf1 Kg3 63. Ne4+ Kf4 64. g7 Nh6 65. Nf6 Kg3 66.
g8=Q+ Nxg8 67. Nxg8 Kxh4 68. Ne7 Kg4 69. Nd5 Kf5 70. Nc3 Ke5 71. Nxa4 Kd4 72.
Nb2 Kc3 73. a4 Kb4 74. Kf2 1-0

[Event "European Blitz 2015"]
[Site "Minsk BLR"]
[Date "2015.12.18"]
[Round "15.30"]
[White "Novitzkij, Dmitrij"]
[Black "Grishchenko, Sergey1"]
[Result "0-1"]
[WhiteTitle "IM"]
[BlackTitle "IM"]
[WhiteElo "2317"]
[BlackElo "2442"]
[WhiteFideId "13500619"]
[BlackFideId "4136730"]
[EventDate "2015.12.18"]
[EventType "swiss (blitz)"]

1. e4 c6 2. d4 d5 3. e5 c5 4. dxc5 e6 5. Nf3 Bxc5 6. Bd3 Ne7 7. O-O Ng6 8. a3
Nc6 9. Re1 Qb6 10. Qe2 Nd4 11. Nxd4 Bxd4 12. c3 Bc5 13. b4 Be7 14. g3 Bd7 15. h4
f6 16. exf6 Bxf6 17. Bg5 O-O-O 18. Nd2 Rhf8 19. Rac1 Bxg5 20. hxg5 Ne5 21. Rf1
Nxd3 22. Qxd3 Kb8 23. c4 dxc4 24. Nxc4 Qb5 25. Qd6+ Ka8 26. Rfd1 Qxg5 27. Ne5
Ba4 28. Qxd8+ Rxd8 29. Rxd8+ 0-1

[Event "European Blitz 2015"]
[Site "Minsk BLR"]
[Date "2015.12.18"]
[Round "15.31"]
[White "Makovskis, Georgijs"]
[Black "Razin, Vadim"]
[Result "0-1"]
[WhiteElo "2236"]
[BlackElo "2345"]
[WhiteFideId "11601132"]
[BlackFideId "14119463"]
[EventDate "2015.12.18"]
[EventType "swiss (blitz)"]

1. e4 e6 2. d4 d5 3. exd5 exd5 4. Nf3 Nc6 5. Bd3 Bd6 6. c3 Bg4 7. O-O Qd7 8. Be3
Nge7 9. Nbd2 O-O-O 10. b4 f6 11. a4 Bf5 12. Nb3 Bxd3 13. Qxd3 Qf5 14. Qd2 g5 15.
b5 Nb8 16. Ne1 Qe4 17. Nd3 Nf5 18. Rae1 Qh4 19. g3 Qh3 20. f4 Rde8 21. fxg5 Nxg3
22. hxg3 Qxg3+ 23. Qg2 Rxe3 24. Rxe3 Qxe3+ 25. Nf2 fxg5 26. Qxd5 Qxc3 27. Nc5
Qg3+ 28. Qg2 Qxg2+ 29. Kxg2 Bxc5 30. dxc5 Rf8 31. Rh1 Rf7 32. Ne4 Rg7 33. Rh5 g4
34. Kg3 Nd7 35. c6 bxc6 36. bxc6 Nb8 37. Rh6 Rg6 38. Rxh7 Rxc6 39. Kxg4 Rc4 40.
Kf5 Nc6 41. Nf6 Rxa4 42. Nd5 Nd4+ 43. Ke5 Rc4 44. Ne7+ Kb7 45. Kd5 Ra4 46. Rh4
Ra5+ 47. Kc4 Ne6 48. Rh7 Nd8 49. Rh8 Ne6 50. Rh7 Rc5+ 51. Kb4 Rc1 52. Nd5 Nd4
53. Nc3 Nc6+ 54. Kb3 Nd4+ 55. Kb4 a5+ 56. Kc4 Ne2 57. Rh3 Rxc3+ 58. Rxc3 Nxc3
59. Kxc3 Kb6 60. Kc4 c6 61. Kb3 Kb5 62. Kc3 a4 63. Kb2 Kb4 64. Ka2 a3 65. Ka1
Kb3 66. Kb1 c5 67. Ka1 c4 68. Kb1 Kc3 69. Ka2 Kd2 70. Kxa3 c3 71. Kb3 c2 72. Ka2
c1=Q 0-1

[Event "European Blitz 2015"]
[Site "Minsk BLR"]
[Date "2015.12.18"]
[Round "15.32"]
[White "Huzman, Alexander"]
[Black "Fomin, Taras"]
[Result "0-1"]
[WhiteTitle "GM"]
[WhiteElo "2581"]
[BlackElo "2312"]
[WhiteFideId "2803828"]
[BlackFideId "4120604"]
[EventDate "2015.12.18"]
[EventType "swiss (blitz)"]

1. d4 d5 2. c4 dxc4 3. e3 c5 4. Bxc4 cxd4 5. Nf3 Nf6 6. exd4 e6 7. O-O Be7 8.
Nc3 O-O 9. Qe2 Nc6 10. Rd1 Nb4 11. Ne5 a6 12. a3 Nbd5 13. Rd3 b5 14. Bb3 Bb7 15.
Rh3 Rc8 16. Bg5 g6 17. Rd1 Nxc3 18. bxc3 Ne4 19. Bd2 Bg5 20. Be1 Kg7 21. Bc2 Nf6
22. Bd2 Nd5 23. Be4 Bxd2 24. Qxd2 h5 25. a4 Qe7 26. axb5 axb5 27. Qb2 Nf4 28.
Re3 Bxe4 29. Rxe4 Nd5 30. Rd3 b4 31. c4 Nc3 32. Re1 Ra8 33. d5 Ra2 34. Qc1 Ne2+
35. Rxe2 Rxe2 36. Qd1 Rxe5 0-1

[Event "European Blitz 2015"]
[Site "Minsk BLR"]
[Date "2015.12.18"]
[Round "15.33"]
[White "Zubritskiy, Artyom"]
[Black "Kocheev, Aleksandr"]
[Result "0-1"]
[WhiteTitle "FM"]
[WhiteElo "2422"]
[BlackElo "2355"]
[WhiteFideId "4181247"]
[BlackFideId "13507842"]
[EventDate "2015.12.18"]
[EventType "swiss (blitz)"]

1. d4 d5 2. c4 dxc4 3. Nf3 Nf6 4. e3 Bg4 5. Bxc4 e6 6. O-O a6 7. Nc3 Nc6 8. h3
Bh5 9. Be2 Bd6 10. Bd2 O-O 11. Rc1 Qe7 12. Ng5 Bg6 13. f4 h6 14. Nf3 Ne4 15. Be1
Nb4 16. Nxe4 Bxe4 17. Bxb4 Bxb4 18. Bd3 Bxd3 19. Qxd3 Rad8 20. Qb3 b6 21. Rc6 a5
22. Rfc1 Bd6 23. Qc4 Kh8 24. Nd2 g5 25. Rf1 gxf4 26. exf4 Qd7 27. Ne4 Bc5 28.
dxc5 Qxc6 29. Qc3+ f6 30. Nxf6 Qxc5+ 31. Qxc5 bxc5 32. Ne4 c4 33. g3 Rd4 34. Nc5
Rb8 35. Rf2 Rd1+ 36. Kg2 Rb1 37. Nxe6 R1xb2 38. f5 c3 39. f6 Rxf2+ 40. Kxf2 c2 0-1

[Event "European Blitz 2015"]
[Site "Minsk BLR"]
[Date "2015.12.18"]
[Round "15.34"]
[White "Kashtanov, Ruslan"]
[Black "Sharafiev, Azat"]
[Result "1/2-1/2"]
[WhiteTitle "IM"]
[BlackTitle "IM"]
[WhiteElo "2346"]
[BlackElo "2420"]
[WhiteFideId "4124871"]
[BlackFideId "4186214"]
[EventDate "2015.12.18"]
[EventType "swiss (blitz)"]

1. e4 c5 2. Nf3 e6 3. d4 cxd4 4. Nxd4 Nc6 5. Nc3 d6 6. Be3 Nf6 7. f4 Be7 8. Qf3
e5 9. Nxc6 bxc6 10. f5 O-O 11. O-O-O Qa5 12. Bc4 Rb8 13. Bb3 Nd7 14. Kb1 Nc5 15.
g4 Nxb3 16. cxb3 Rd8 17. g5 Bf8 18. h4 d5 19. exd5 cxd5 20. Rxd5 Rxd5 21. Qxd5
Bxf5+ 22. Ka1 Qxd5 23. Nxd5 a5 24. Rd1 Be6 25. Nb6 f5 26. gxf6 gxf6 27. Nd7 Bxd7
28. Rxd7 f5 29. Bd2 Bb4 30. Bh6 e4 31. Rg7+ Kh8 32. Rf7 Re8 33. a3 e3 34. axb4
e2 35. Bd2 e1=Q+ 36. Bxe1 Rxe1+ 37. Ka2 axb4 38. Rxf5 Re4 39. h5 Kg7 40. Rb5 Kh6
41. Kb1 Rh4 42. Kc2 Rd4 43. Rc5 Rd8 44. Rc4 Rb8 45. Rh4 Kg5 46. Rh1 Rd8 47. Rh2
h6 48. Rh1 Rd5 49. Rh2 Kg4 50. Rg2+ Kxh5 51. Rg8 Rd4 52. Rc8 Kg5 53. Rc4 Rf4 54.
Kd3 h5 55. Ke3 Rh4 56. Kf3 Rh3+ 57. Kg2 Rxb3 58. Rc2 Kg4 59. Rc4+ Kg5 60. Rc2
Re3 61. Rc5+ Kf4 62. Rxh5 Re2+ 63. Kf1 Rxb2 64. Ke1 Ke3 65. Kd1 Kd3 66. Rh3+ Kc4
67. Kc1 Rb3 68. Rh4+ Kb5 69. Kc2 Ka4 70. Rh8 Rg3 71. Kb2 Rg2+ 72. Kb1 Ka3 73.
Rh3+ Ka4 74. Rf3 Re2 75. Rh3 Kb5 76. Rg3 Rd2 77. Rh3 Kc4 78. Rh4+ Kc3 79. Rh3+
Kc4 80. Rh4+ Kb3 81. Rh3+ Ka4 82. Rg3 Rd5 83. Rh3 Rg5 84. Rf3 Rc5 85. Kb2 Rd5
86. Rh3 Rd1 87. Rg3 Rd2+ 88. Kb1 b3 89. Rg8 Ka3 1/2-1/2

[Event "European Blitz 2015"]
[Site "Minsk BLR"]
[Date "2015.12.18"]
[Round "15.35"]
[White "Gurvich, Vitaly"]
[Black "Stupak, Kirill"]
[Result "0-1"]
[WhiteTitle "FM"]
[BlackTitle "GM"]
[WhiteElo "2308"]
[BlackElo "2542"]
[WhiteFideId "24164852"]
[BlackFideId "13503758"]
[EventDate "2015.12.18"]
[EventType "swiss (blitz)"]

1. d4 g6 2. c4 Bg7 3. Nf3 d6 4. e4 e5 5. d5 f5 6. Nc3 Nf6 7. Bd3 O-O 8. h4 Na6
9. h5 Nc5 10. hxg6 fxe4 11. Nxe4 Nfxe4 12. Bxe4 Nxe4 13. Rxh7 Qf6 14. Bh6 Bxh6
15. Rxh6 Qg7 16. Qc1 Rf4 17. Rh7 Qxg6 18. Rh4 Rxh4 19. Nxh4 Qg5 20. Qxg5+ Nxg5
21. c5 dxc5 22. Rc1 b6 23. b4 Bb7 24. bxc5 Bxd5 25. cxb6 cxb6 26. a3 Ne6 27. Rd1
Nd4 28. Rd3 Kf7 29. f4 Re8 30. fxe5 Rxe5+ 31. Kd1 Ne6 32. Rc3 Nc5 33. g4 Re4 34.
Rg3 Ne6 35. Nf5 Kf6 36. Nd6 Rd4+ 37. Kc1 Bc6 38. Nc8 Ra4 39. Kb2 Kg5 40. Re3 Bd7
41. Nd6 Kxg4 42. Rc3 Kf4 43. Nf7 Re4 44. Rc2 Nd4 45. Rc7 Re2+ 46. Kc1 Bf5 47.
Nd6 Bd3 48. Nf7 Rc2+ 49. Rxc2 Bxc2 50. Nd6 Bf5 51. Kd2 Ke5 52. Nc4+ Kd5 0-1

[Event "European Blitz 2015"]
[Site "Minsk BLR"]
[Date "2015.12.18"]
[Round "15.36"]
[White "Tsyhanchuk, Stanislav"]
[Black "Harutjunyan, Gevorg"]
[Result "1/2-1/2"]
[WhiteTitle "IM"]
[BlackTitle "GM"]
[WhiteElo "2362"]
[BlackElo "2436"]
[WhiteFideId "13505130"]
[BlackFideId "13300873"]
[EventDate "2015.12.18"]
[EventType "swiss (blitz)"]

1. Nf3 Nf6 2. c4 g6 3. b4 Bg7 4. Bb2 O-O 5. e3 d6 6. Be2 e5 7. O-O Nbd7 8. d4 e4
9. Nfd2 Re8 10. Nc3 Nf8 11. Qb3 h5 12. Rae1 N8h7 13. f3 exf3 14. Bxf3 Bh6 15.
Nce4 Ng4 16. h3 Bf5 17. hxg4 hxg4 18. Ng3 gxf3 19. Nxf5 gxf5 20. Rxf3 f4 21. e4
Qh4 22. Rff1 Re6 23. Nf3 Qh5 24. e5 Rae8 25. d5 Rg6 26. exd6 Rxe1 27. Rxe1 cxd6
28. Re8+ Nf8 29. Qd3 Qg4 30. Qe2 Qf5 31. Bc3 Kh7 32. Re7 Nd7 33. Bd2 Kg8 34.
Re8+ Kh7 35. Re7 Bf8 36. Qe4 Qxe4 37. Rxe4 Nb6 38. Rxf4 Bh6 39. Rxf7+ Kg8 40.
Rxb7 Nxc4 41. Bxh6 Rxh6 42. Rxa7 Rh5 43. Rc7 Ne3 44. b5 Nxd5 45. Rd7 Nb6 46.
Rxd6 Rxb5 47. Rg6+ Kf7 48. Rh6 Nc4 49. a4 Rb1+ 50. Kh2 Ra1 51. Rh4 Nb6 52. Rh8
Rxa4 53. Rb8 Nd5 54. Rb5 Nf6 55. Rf5 Ke6 56. Re5+ Kf7 57. Rb5 Ra2 58. Kh3 Ne4
59. Ng5+ Nxg5+ 60. Rxg5 Ra4 61. g3 Kf6 62. Rg8 Kf7 63. Rg5 Kf6 64. Rg8 Kf7 65.
Rb8 Kg6 66. Rb6+ Kg5 67. Rb5+ Kg6 68. g4 Ra3+ 69. Kh4 Ra6 70. Rg5+ Kh6 71. Rh5+
Kg6 72. Rb5 1/2-1/2

[Event "European Blitz 2015"]
[Site "Minsk BLR"]
[Date "2015.12.18"]
[Round "15.37"]
[White "Skliarov, Viktor"]
[Black "Meribanov, Vitaly"]
[Result "1/2-1/2"]
[WhiteTitle "FM"]
[BlackTitle "IM"]
[WhiteElo "2420"]
[BlackElo "2392"]
[WhiteFideId "14106736"]
[BlackFideId "13504363"]
[EventDate "2015.12.18"]
[EventType "swiss (blitz)"]

1. e4 c5 2. Nf3 Nc6 3. Bb5 g6 4. O-O Bg7 5. Re1 Nf6 6. e5 Nd5 7. Nc3 Nc7 8. Bxc6
dxc6 9. Ne4 Ne6 10. d3 O-O 11. Be3 b6 12. Qd2 Nd4 13. Nxd4 cxd4 14. Bh6 c5 15.
h4 Bb7 16. h5 Qd7 17. Bxg7 Kxg7 18. h6+ Kg8 19. Qg5 Bxe4 20. Rxe4 f5 21. exf6
exf6 22. Qg3 Rae8 23. Rae1 Kf7 24. Qf4 Rxe4 25. Rxe4 Re8 26. a3 Rxe4 27. Qxe4
Qe7 28. Qd5+ Qe6 29. Qb7+ Qe7 30. Qd5+ 1/2-1/2

[Event "European Blitz 2015"]
[Site "Minsk BLR"]
[Date "2015.12.18"]
[Round "15.38"]
[White "Bulanov, Dmitri"]
[Black "Belyakov, Bogdan"]
[Result "0-1"]
[WhiteTitle "FM"]
[BlackTitle "IM"]
[WhiteElo "2369"]
[BlackElo "2511"]
[WhiteFideId "13506382"]
[BlackFideId "24104795"]
[EventDate "2015.12.18"]
[EventType "swiss (blitz)"]

1. f4 g6 2. Nf3 Bg7 3. g3 c5 4. Bg2 Nc6 5. O-O Nh6 6. d3 d5 7. e4 dxe4 8. dxe4
Qxd1 9. Rxd1 Nd4 10. Na3 Bg4 11. Rf1 Ne2+ 12. Kh1 Nxc1 13. Raxc1 Bxb2 14. Nc4
Bxc1 15. Rxc1 Bxf3 16. Bxf3 O-O-O 17. Na5 Kc7 18. e5 Rb8 19. g4 Rhd8 20. Rb1 Rd4
21. Rb5 Rxf4 22. Kg2 a6 23. Rxc5+ Kb6 24. Rd5 e6 25. Rd6+ Kxa5 26. h3 Rc4 0-1